Human resource management : a contemporary perspective

Bibliographic Details
Format: Book
Published: London : Pitman Publishing , 1994
Subjects:

MARC

LEADER 00000cam a2200000 7i4500
001 0000019622
002 000021326
005 20000330.0
020 |a 0273602446 
090 0 0 |a 658.3   |b BEA 
245 0 0 |a Human resource management :   |b a contemporary perspective   |c edited by Ian Beardwell 
260 |a London :   |b Pitman Publishing ,   |c 1994 
300 |a 694p. ;   |c 24cm. 
650 0 0 |a Personnel management 
999 |a 00070193   |b BUKU   |c PINJAMAN   |e PERPUSTAKAAN KOMUNITI PETALING JAYA